Tan lejos, Tan cerca Guadalupe de México en España / (Record no. 11086)
[ view plain ]
| 000 -CABECERA | |
|---|---|
| campo de control de longitud fija | 00624nam a22001937a 4500 |
| 003 - IDENTIFICADOR DEL NÚMERO DE CONTROL | |
| campo de control | FranzMayer |
| 005 - FECHA Y HORA DE LA ÚLTIMA TRANSACCIÓN | |
| campo de control | 20250820115030.0 |
| 008 - DATOS DE LONGITUD FIJA--INFORMACIÓN GENERAL | |
| campo de control de longitud fija | 250820b2025 |||oab|gr|||| 001 0 spa d |
| 040 ## - FUENTE DE LA CATALOGACIÓN | |
| Centro catalogador/agencia de origen | BMFM |
| Centro/agencia transcriptor | BMFM |
| 050 #4 - SIGNATURA TOPOGRÁFICA DE LA BIBLIOTECA DEL CONGRESO | |
| Número de clasificación | BT 660 .G8 |
| Número de documento/Ítem | T36 |
| 110 ## - ENTRADA PRINCIPAL--NOMBRE DE ENTIDAD CORPORATIVA | |
| Nombre de entidad corporativa o nombre de jurisdicción como elemento de entrada | Museo Nacional del Prado |
| 9 (RLIN) | 223 |
| 245 ## - MENCIÓN DE TÍTULO | |
| Título | Tan lejos, Tan cerca Guadalupe de México en España / |
| Mención de responsabilidad, etc. | Museo Nacional del Prado |
| 300 ## - DESCRIPCIÓN FÍSICA | |
| Extensión | 303 páginas; |
| Otras características físicas | ilustraciones a color, |
| Dimensiones | xxx cm |
| 650 ## - PUNTO DE ACCESO ADICIONAL DE MATERIA--TÉRMINO DE MATERIA | |
| Término de materia o nombre geográfico como elemento de entrada | Virgen de Guadalupe |
| Subdivisión general | Culto |
| Subdivisión geográfica | España |
| 9 (RLIN) | 30029 |
| 700 1# - PUNTO DE ACCESO ADICIONAL--NOMBRE DE PERSONA | |
| Nombre de persona | Cuadriello, Jaime |
| Término indicativo de función/relación | editor |
| 9 (RLIN) | 4695 |
| 700 1# - PUNTO DE ACCESO ADICIONAL--NOMBRE DE PERSONA | |
| Nombre de persona | Mues Orts, Paula |
| Término indicativo de función/relación | editor |
| 9 (RLIN) | 22524 |
| 902 ## - CATALOGADOR | |
| Iniciales | KH |
| 942 ## - ELEMENTOS DE PUNTO DE ACCESO ADICIONAL (KOHA) | |
| Fuente del sistema de clasificación o colocación | Library of Congress Classification |
| Tipo de ítem Koha | Libros |
| Estado de retiro | Estado de pérdida | Fuente del sistema de clasificación o colocación | Estado dañado | No para préstamo | Código de colección | Localización permanente | Ubicación/localización actual | Fecha de adquisición | Total de préstamos | Signatura topográfica completa | Fecha visto por última vez | Precio válido a partir de | Tipo de ítem Koha |
|---|---|---|---|---|---|---|---|---|---|---|---|---|---|
| El ejemplar forma parte de la colección y puede ser consultado según las políticas vigentes. | Library of Congress Classification | Fondo Contemporáneo | Biblioteca del Museo Franz Mayer (Rogerio Casas-Alatriste) | Biblioteca del Museo Franz Mayer (Rogerio Casas-Alatriste) | 20/08/2025 | BT 660 .G8 T36 | 20/08/2025 | 20/08/2025 | Libros |